Linear integrated circuits and applications (Record no. 273)

MARC details
000 -LEADER
Fixed length control field 00475nam a2200181 4500
003 - CONTROL NUMBER IDENTIFIER
Control field SEACOMMC
005 - DATE AND TIME OF LATEST TRANSACTION
Control field 20231026043818.0
008 - FIXED-LENGTH DATA ELEMENTS--GENERAL INFORMATION
Fixed length control field 231026b |||||||| |||| 00| 0 eng d
020 ## - INTERNATIONAL STANDARD BOOK NUMBER / ISBN
Price Rs. 350.00
040 ## - CATALOGING SOURCE
Original cataloging agency SEACOMMC
082 ## - DEWEY DECIMAL CLASSIFICATION NUMBER
Classification number 621.3815
Book Number VEN
100 1# - MAIN ENTRY--PERSONAL NAME
Personal name Venkataramani, Y.
245 1# - TITLE STATEMENT
Title Linear integrated circuits and applications
Statement of responsibility Y. Venkataramani
260 ## - IMPRINT
Place of publication New Delhi
Name of publisher ISTE
Date of publication 2001
650 ## - SUBJECT ADDED ENTRY--TOPICAL TERM
Topical term Engineering
650 ## - SUBJECT ADDED ENTRY--TOPICAL TERM
Topical term Components and circuits
942 ## - ADDED ENTRY ELEMENTS (KOHA)
Koha item type Books
Holdings
Withdrawn status Lost status Source of classification Damaged status Not for loan Home library Current library Date acquired Total Checkouts Call number Accession number Date last seen Price effective from Koha item type
    Dewey Decimal Classification     SEACOM MANAGEMENT COLLEGE SEACOM MANAGEMENT COLLEGE 06/09/2006   621.3815 VEN 05444 26/10/2023 26/10/2023 Books
© Seacom Engineering College, All rights reserved.    Powered by Koha